|
|
|
|
| LEADER |
02398nam a2200661 a 4500 |
| 001 |
nkc20112233665 |
| 003 |
CZ PrNK |
| 005 |
20120201063813.0 |
| 007 |
ta |
| 008 |
111020s2011 xr e f 000 0 cze |
| 015 |
|
|
|a cnb002233665
|
| 020 |
|
|
|a 978-80-262-0017-8
|q (brož.)
|
| 035 |
|
|
|a (OCoLC)776503571
|
| 040 |
|
|
|a ABA001
|b cze
|
| 041 |
1 |
|
|a cze
|h eng
|
| 072 |
|
7 |
|a 27-4
|x Praktická teologie. Morální teologie
|2 Konspekt
|9 5
|
| 080 |
|
|
|a 27-452
|2 MRF
|
| 080 |
|
|
|a 177.6
|2 MRF
|
| 080 |
|
|
|a 316.472.42
|2 MRF
|
| 080 |
|
|
|a 159.955
|2 MRF
|
| 080 |
|
|
|a 37.017:173.1
|2 MRF
|
| 080 |
|
|
|a 27
|2 MRF
|
| 080 |
|
|
|a 279.123
|2 MRF
|
| 080 |
|
|
|a 27-277
|2 MRF
|
| 080 |
|
|
|a 27-277.2
|2 MRF
|
| 080 |
|
|
|a (0.062)
|2 MRF
|
| 100 |
1 |
|
|a Eldredge, John
|7 jo2004232814
|4 aut
|
| 245 |
1 |
0 |
|a Láska a boj :
|b cesta ke spokojenému manželství /
|c John a Stasi Eldredgeovi
|
| 250 |
|
|
|a Vyd. 1.
|
| 260 |
|
|
|a Praha :
|b Portál,
|c 2011
|
| 300 |
|
|
|a 244 s. ;
|c 21 cm
|
| 500 |
|
|
|a Přeloženo z angličtiny
|
| 504 |
|
|
|a Obsahuje bibliografické odkazy
|
| 650 |
0 |
7 |
|a křesťanské manželství
|7 ph115066
|2 czenas
|
| 650 |
0 |
7 |
|a láska
|7 ph117230
|x křesťanské pojetí
|2 czenas
|
| 650 |
0 |
7 |
|a partnerské vztahy
|7 ph115684
|x křesťanské pojetí
|2 czenas
|
| 650 |
0 |
7 |
|a řešení problémů
|7 ph137287
|x křesťanské pojetí
|2 czenas
|
| 650 |
0 |
7 |
|a výchova k manželství
|7 ph127422
|x křesťanské pojetí
|2 czenas
|
| 650 |
0 |
7 |
|a evangelikalismus
|7 ph194673
|x učení
|2 czenas
|
| 650 |
0 |
7 |
|a biblická interpretace
|7 ph118847
|2 czenas
|
| 650 |
0 |
7 |
|a biblické citáty
|7 ph118853
|2 czenas
|
| 650 |
0 |
9 |
|a Christian marriage
|2 eczenas
|
| 650 |
0 |
9 |
|a love
|x Christian approach
|2 eczenas
|
| 650 |
0 |
9 |
|a partner relationships
|x Christian approach
|2 eczenas
|
| 650 |
0 |
9 |
|a problem solving
|x Christian approach
|2 eczenas
|
| 650 |
0 |
9 |
|a education for marriage
|x Christian approach
|2 eczenas
|
| 650 |
0 |
9 |
|a Evangelicalism
|x doctrines
|2 eczenas
|
| 650 |
0 |
9 |
|a Biblical interpretation
|2 eczenas
|
| 650 |
0 |
9 |
|a Biblical quotations
|2 eczenas
|
| 655 |
|
7 |
|a populárně-naučné publikace
|7 fd131864
|2 czenas
|
| 655 |
|
9 |
|a popular works
|2 eczenas
|
| 700 |
1 |
|
|a Eldredge, Stasi
|7 ola2006329921
|4 aut
|
| 765 |
0 |
|
|t Love & war
|9 Česky
|
| 910 |
2 |
|
|a BOA001
|b 2-1279.135
|
| 990 |
|
|
|a BK
|
| 995 |
|
|
|a 01
|
| 991 |
|
|
|b 201202
|c NOV
|e n
|
| 996 |
6 |
|
|b 2610499632
|c 2-1279.135
|l MZK
|r Sklad / do 1 hodiny
|n 9
|p p.v.
|w 001223648
|u 000010
|a 1
|e BOA001
|j MZK50
|s P
|